Normal view MARC view
  • Knight, Melvin M.

Entry Nombre Personal

Number of records used in: 1

001 - NUMERO DE CONTROL

  • campo de control: 51741

003 - IDENTIFICADOR DE NUMERO DE CONTROL

  • campo de control: UPN

005 - FECHA Y HORA DE LA ÜLTIMA TRANSACCIÓN

  • campo de control: 20240426105819.0

008 - DATOS DE LONGITUD FIJA

  • campo de control de longitud fija: 240426|| aca||aabn | aaa d

040 ## - FUENTE DE CATALOGACIÓN

  • Agencia original de catalogación: MX-MxUPN
  • Lenguaje de catalogación: spa
  • Agencia de transcripción: MX-MxUPN

046 ## - FECHAS CON CODIFICACIÓN ESPECIAL

  • Fecha de nacimiento: 18871108
  • Fecha de muerte: 19810429

100 1# - ENCABEZAMIENTO - NOMBRE PERSONAL

  • Nombre personal: Knight, Melvin M.
  • Fuller form of name: (Melvin Moses),
  • Fechas asociadas con el nombre: 1887-1981

670 ## - FUENTE EN LA QUE SE LOCALIZARON DATOS

  • Cita de la fuente: LC, 26 abril 2024 :
  • Información localizada: (Knight, Melvin M. (Melvin Moses), 1887-1981)
  • Uniform Resource Identifier: https://lccn.loc.gov/n81089797

902 ## - CATALOGADOR

  • Catalogador: MaríaRobles/260424